|
|
|
|
| LEADER |
00645nab a2200169 i 4500 |
| 001 |
misc39465 |
| 005 |
20191106140739.0 |
| 008 |
180709s2004 hu o 0|| zxx d |
| 022 |
|
|
|a 1215-5233
|
| 040 |
|
|
|a SZTE Miscellanea Repozitórium
|b hun
|
| 041 |
|
|
|a zxx
|
| 100 |
1 |
|
|a Báthory Zoltán
|
| 245 |
1 |
0 |
|a Egy talányos könyv (Perjés István [2003]
|h [elektronikus dokumentum] :
|b Az iskola mítosza. Az iskola társadalompedagógiai értelmezése) /
|c Báthory Zoltán
|
| 260 |
|
|
|c 2004
|
| 300 |
|
|
|a 117-118
|
| 490 |
0 |
|
|a Iskolakultúra
|v 14 No. 3
|
| 856 |
4 |
0 |
|u http://misc.bibl.u-szeged.hu/39465/1/EPA00011_iskolakultura_2004_03_117-118.pdf
|z Dokumentum-elérés
|